| 000 | 01023 a2200169 4500 | ||
|---|---|---|---|
| 003 | Nust | ||
| 005 | 20230123132941.0 | ||
| 040 | _cNust | ||
| 082 | _a822.23,COR | ||
| 100 |
_aCorson,Hiram _9107451 |
||
| 245 |
_aIntroduction to the study of Shakespeare / _cHiram Corson |
||
| 260 |
_aChicago _bD.C. Heath & co |
||
| 300 | _a396:p | ||
| 505 | _aIntroduction (Page-3), The Shakespeare-Bacon controversy (Page-25), The Authenticity of The First Folio (Page-32), The Chronology of the Plays (Page-48), Shakespeare’s Verse (Page-51), Distinctive Use of Verse and Prose in Shakespeare’s Plays (Page-83), Dramatic (Page-99), Romeo and Juliet (Page-112), The Commentary on Romeo and Juliet (Page-145), King John (Page-158), Much Ado About Nothing (Page-176), Hamlet (Page-194), The Witch Agency in Macbeth (Page-223), Lady Macbeth’s Relations to Macbeth (Page-244), Antony and Cleopatra (Page-244), Jottings on the Text of Hamlet (Page-316), Miscellaneous Notes (Page-358). | ||
| 650 |
_aDrama _9107452 |
||
| 942 |
_2ddc _cBK |
||
| 999 |
_c186695 _d186695 |
||